000
00275nam a2200097Ia 4500
082
_a
J 909 DEAR
245
0
_a
Die gruwelike geskiedenis van die wereld
100
_a
DEARY, Terry Kaapstad, 2003
_9
75238
942
_c
BK
008
210817s9999 xx 000 0 und d
999
_c
406865
_d
406864